International forum of allergy and rhinology

Bibliographic Details
Uniform Title:International forum of allergy and rhinology (Online)
Corporate Authors: International Rhinologic Society, American Academy of Otolaryngic Allergy, American Rhinologic Society
Format: Electronic Journal
Language:English
Published: Hoboken, NJ : Published for ARS-AAOA by Wiley Subscription Services, Inc.
Subjects:
Online Availability: Check for online availability

MARC

Tag First Indicator Second Indicator Subfields
LEADER 00000cas a22000007a 4500
001 in00004517153
005 20220311213419.2
006 m d
007 cr cn ---|||||
008 110311c20119999njubr p o 0 a0eng
010 |a  2011200360 
035 |a (OCoLC)ocn730383964 
040 |a AU@  |b eng  |c AU@  |d DLC  |d TMV 
022 0 |a 2042-6984  |y 2042-6976 
035 |a (OCoLC)730383964 
037 |b John Wiley & Sons Inc., 350 Main St., Malden MA 02148 
042 |a pcc  |a nsdp 
049 |a TMVM 
060 4 |a QW 500 
060 4 |a WD 300 
130 0 |a International forum of allergy and rhinology (Online) 
210 0 |a Int. forum allergy rhinol.  |b (Online) 
222 0 |a International forum of allergy and rhinology  |b (Online) 
245 0 0 |a International forum of allergy and rhinology  |h [electronic resource]. 
246 1 |a Allergy and rhinology 
246 1 |a Allergy & rhinology 
246 1 |a International forum of allergy & rhinology 
260 |a Hoboken, NJ :  |b Published for ARS-AAOA by Wiley Subscription Services, Inc. 
310 |a Bimonthly 
336 |a text  |2 rdacontent  |b txt 
337 |a computer  |2 rdamedia 
338 |a online resource  |2 rdacarrier  |b cr 
362 1 |a Coverage as of Nov. 29, 2011: Volume 1, issue 1 (January/February 2011)- 
500 |a Description based on: Vol. 1, issue 1 (Jan./Feb. 2011); title from journal homepage (Wiley Online Library, viewed Nov. 29, 2011). 
516 |a Abstracts, tables of contents, and citation information are HTML encoded; articles are available in portable document format (PDF). 
530 |a Online version of the print title: International forum of allergy and rhinology. 
550 |a Official journal of the The American Academy of Otolaryngologic Allergy and the American Rhinologic Society. 
650 0 |a Nose  |x Diseases  |v Periodicals. 
650 0 |a Allergy  |v Periodicals. 
650 0 |a Otolaryngology  |v Periodicals. 
650 2 |a Immunity. 
650 2 |a Immune System. 
650 2 |a Hypersensitivity. 
655 2 |a Periodicals. 
690 |a biores 
710 2 |a International Rhinologic Society. 
710 2 |a American Academy of Otolaryngic Allergy. 
710 2 |a American Rhinologic Society. 
776 1 |t International forum of allergy & rhinology (Print)  |x 2042-6976  |w (DLC) 2011243498  |w (OCoLC)741352198 
948 |a Ebsco Subscription Services  |g title number 440-678-986 (online) 
948 |a This title was offered free for 2012 with subscription required for access thereafter, it was not picked up for 2013. 
999 f f |s ea732200-3bfd-3fb1-bdcf-99c538d43189  |i cc536953-8104-35b9-9aa0-e874db66b996  |t 0 
952 f f |a Texas A&M University  |b College Station  |c Electronic Resources  |d Available Online  |t 0  |e Online Journal  |h Other scheme 
998 f f |a Online Journal  |t 0  |l Available Online